Normal view
MARC view
- Roa M. Junaid Sagheer, M. Yousuf Mehmood, Hira Usman
Entry Personal Name
001 - CONTROL NUMBER
- control field: 55039
003 - CONTROL NUMBER IDENTIFIER
- control field: NUST
005 - DATE AND TIME OF LATEST TRANSACTION
- control field: 20210421120126.0
008 - FIXED-LENGTH DATA ELEMENTS
- fixed length control field: 210421|| aca||aabn | a|a d
040 ## - CATALOGING SOURCE
- Original cataloging agency: NUST
- Transcribing agency: NUST
100 ## - HEADING--PERSONAL NAME
- Personal name: Roa M. Junaid Sagheer, M. Yousuf Mehmood, Hira Usman
670 ## - SOURCE DATA FOUND
- Source citation: Work cat.: (NUST): Roa M. Junaid Sagheer, M. Yousuf Mehmood, Hira Usman, Recovery of Calcium Chloride and water from distiller blow off (DBO) of ICI soda Ash Industry (UG-CHE-2016), 2016
